1639 1109 1885 1589 1992 1906 1551 1795 1981 1396 1307 1521 1832 1352 1790 1563 1528 1444 1428 1423 1769 1085 1417 1682 1906 1349 1669 1659 1513 1238 1096 1732 1474 1036 1208 1322 1788 1297 1288 1601 1057 1407 1821 1226 1075 1637 1266 1797 1544 1642 1293 1730 1371 1284 1006 1853 1836 1790 1324 1991 1481 1572 1995 1487 1202 1290 1092 1575 1047 1122 1745 1118 1234 1237 1925 1959 1855 1152 1900 1388 1768 1596 1699 1323 1029 1801 1420 1355 1827 1213 1821 1157 1703 1526 1949 1703 1591 1576 1470 BCNSPRNW ULIB Ver.6.0+V

เปลี่ยนเป็นภาษาไทย

Change to English
 แสดงรายละเอียดบรรณานุกรม
  กลับหน้าหลัก

Brief Record : Get Marc (ISO 2709) : E-mail record : QR code < ปิดหน้าต่าง
LEADER : 00000nam 2200000uu 4500
001    13399125362
003     ULIB
008    170511s2558||||th 000 0 tha d
020    ^a9786169252504
060  0 ^aHV636^bค695^c2558
110 1  ^aสมาคมดับเพลิงและช่วยชีวิต
245 00 ^aคู่มือการดับไฟ กู้ภัย กู้ชีพ FARA
260    ^aกรุงเทพฯ :^bสมาคมดับเพลิงและช่วยชีวิต; 2558
300    ^aไม่ปรากฎจำนวนหน้า
650  4 ^aวาตภัย
650  4 ^aกู้ภัย-- กุู้ชีพ
650  4 ^aการดับไฟ
710 1  ^aสมาคมดับเพลิงและช่วยชีวิต
945    ^p0^l0^i23916
945    ^p0^l0^i23917
945    ^p0^l0^i23918
945    ^p0^l0^i23919
945    ^p0^l0^i23920
945    ^p0^l0^i23921
945    ^p0^l0^i23922
945    ^p0^l0^i23923
945    ^p0^l0^i23924
945    ^p0^l0^i23925
999    ^aกัณชพร
รายการนี้ยังไม่มีแท็ก
คุณยังไม่ได้ล็อกอิน คุณสามารถมีกิจกรรมร่วมกับเว็บไซต์ได้ แต่ต้องล็อกอินก่อน ::
  ล็อกอิน

รายการสื่อสารสนเทศ

ลำดับที่ ประเภท เลขเรียก/บาร์โค้ด สถานที่ สถานะ
1. หนังสือสำรอง
หนังสือสำรอง
HV636 ค695 2558 ฉ.1 
  Barcode: 23916
ห้องสมุดวิทยาเขตนครสวรรค์
►หนังสือทั่วไป:l:General Books
บนชั้น
2. วิทยาศาสตร์การแพทย์ และสุขภาพ
วิทยาศาสตร์การแพทย์ และสุขภาพ
HV636 ค695 2558 ฉ.10 
  Barcode: 23925
ห้องสมุดวิทยาเขตนครสวรรค์
►หนังสือทั่วไป:l:General Books
บนชั้น
3. วิทยาศาสตร์การแพทย์ และสุขภาพ
วิทยาศาสตร์การแพทย์ และสุขภาพ
HV636 ค695 2558 ฉ.2 
  Barcode: 23917
ห้องสมุดวิทยาเขตนครสวรรค์
►หนังสือทั่วไป:l:General Books
บนชั้น
4. วิทยาศาสตร์การแพทย์ และสุขภาพ
วิทยาศาสตร์การแพทย์ และสุขภาพ
HV636 ค695 2558 ฉ.3 
  Barcode: 23918
ห้องสมุดวิทยาเขตนครสวรรค์
►หนังสือทั่วไป:l:General Books
บนชั้น
5. วิทยาศาสตร์การแพทย์ และสุขภาพ
วิทยาศาสตร์การแพทย์ และสุขภาพ
HV636 ค695 2558 ฉ.4 
  Barcode: 23919
ห้องสมุดวิทยาเขตนครสวรรค์
►หนังสือทั่วไป:l:General Books
บนชั้น
6. วิทยาศาสตร์การแพทย์ และสุขภาพ
วิทยาศาสตร์การแพทย์ และสุขภาพ
HV636 ค695 2558 ฉ.5 
  Barcode: 23920
ห้องสมุดวิทยาเขตนครสวรรค์
►หนังสือทั่วไป:l:General Books
บนชั้น
7. วิทยาศาสตร์การแพทย์ และสุขภาพ
วิทยาศาสตร์การแพทย์ และสุขภาพ
HV636 ค695 2558 ฉ.6 
  Barcode: 23921
ห้องสมุดวิทยาเขตนครสวรรค์
►หนังสือทั่วไป:l:General Books
บนชั้น
8. วิทยาศาสตร์การแพทย์ และสุขภาพ
วิทยาศาสตร์การแพทย์ และสุขภาพ
HV636 ค695 2558 ฉ.7 
  Barcode: 23922
ห้องสมุดวิทยาเขตนครสวรรค์
►หนังสือทั่วไป:l:General Books
บนชั้น
9. วิทยาศาสตร์การแพทย์ และสุขภาพ
วิทยาศาสตร์การแพทย์ และสุขภาพ
HV636 ค695 2558 ฉ.8 
  Barcode: 23923
ห้องสมุดวิทยาเขตนครสวรรค์
►หนังสือทั่วไป:l:General Books
บนชั้น
10. วิทยาศาสตร์การแพทย์ และสุขภาพ
วิทยาศาสตร์การแพทย์ และสุขภาพ
HV636 ค695 2558 ฉ.9 
  Barcode: 23924
ห้องสมุดวิทยาเขตนครสวรรค์
►หนังสือทั่วไป:l:General Books
บนชั้น

รายการใกล้เคียง
    ชื่อเรื่อง [คู่มือการดับไฟ กู้ภัย กู้ชีพ FARA]

    หัวเรื่อง [วาตภัย]
    หัวเรื่อง [กู้ภัย-- กุู้ชีพ]
    หัวเรื่อง [การดับไฟ]

BibComment


ยังไม่เคยถูกคอมเมนท์

คอมเมนท์ทรัพยากรรายการนี้
  คอมเมนท์: คู่มือการดับไฟ ก..


 Copyright 2026. Bcnsprnw @Library